| 000 | 00727nam a2200193 a 4500 | ||
|---|---|---|---|
| 005 | 20210219160350.0 | ||
| 008 | 081021s1994 mx r 000 0 spa d | ||
| 035 | _aUPN01000163980 | ||
| 049 | _aUNE | ||
| 080 | _a37 (510) =20 1993-94 DEV. | ||
| 245 | 0 | 4 | _aThe Development and reform of education in China 1993-1994. |
| 260 |
_aBeijing, China : _bThe State Education Commission People's, _c1994. |
||
| 300 |
_aiii, 53 p. ; _bretrs., fot |
||
| 500 | _aInforme presentado en la 44a.; Reunión de la Conferencia Internacional de Educación, 1994 : Ginebra, Suiza | ||
| 690 | _aEducacion- China | ||
| 690 | _aDesarrollo de la educacion- China | ||
| 710 | 2 | _aChina. The State Education Commission People's. | |
| 905 | _aUNESCO | ||
| 999 |
_c136093 _d136093 |
||